[Event "Donner Memorial"]
[Site "Amsterdam"]
[Date "1995.??.??"]
[Round "5"]
[White "Timman, Jan H"]
[Black "Khalifman, Alexander"]
[Result "1-0"]
[WhiteElo "2590"]
[BlackElo "2655"]
[Annotator "Ribli,Z"]
[PlyCount "59"]
[EventDate "1995.08.??"]
[EventType "tourn"]
[EventRounds "11"]
[EventCountry "NED"]
[EventCategory "16"]
[SourceTitle "CBM 049"]
[Source "ChessBase"]
[SourceDate "1995.12.01"]
[SourceVersion "1"]
[SourceVersionDate "1995.12.01"]
[SourceQuality "1"]

1. c4 c5 2. Nf3 Nf6 3. Nc3 Nc6 4. g3 g6 5. d4 cxd4 6. Nxd4 Bg7 7. Bg2 O-O 8.
O-O Ng4 $5 {Die neueste Mode.} 9. e3 d6 10. b3 a6 11. Bb2 Nxd4 12. exd4 Rb8 13.
Re1 (13. a4 Nh6 14. a5 Nf5 15. Nd5 b5 16. axb6 e6 17. Ne3 Ne7 $10 {Huebner,
R-Topalov,V/Polanica Zdroj/1995/CBM49/}) 13... Nh6 14. Nd5 $5 (14. a4 Nf5 15.
Nd5 e6 16. Ne3 Nxe3 17. Rxe3 b5 18. axb5 axb5 $15 {de Boer,G-Hartoch,R/Wijk
aan Zee/1985/INF40,(66)/}) 14... e6 (14... Nf5 15. g4 e6 16. gxf5 exd5 17. fxg6
fxg6 18. Bxd5+ Kh8 $14 {Schwarz hat einige Kompensation fuer den geopferten
Bauern, aber ich denke, das ist nicht genueg.}) 15. Ne3 b5 16. Qe2 bxc4 17.
Nxc4 d5 $6 (17... Nf5 $5 {Schwarz sollte seinen Springer ins Spiel bringen.}
18. d5 $5 e5 (18... Bxb2 19. Qxb2 e5 20. Qa3 $14 {>< d6,c6,a6}) 19. Qd2 $14 {
Droht /\ Na5 und Nc6}) 18. Ne5 Bb7 {[#]} 19. g4 $1 {Starke Zuege sind manchmal
ganz einfach, Weiss will den h6-Springer vom Spiel ausschalten und dann gegen
den geschwaechten schwarzen Damenfluegel mit allen Kraeften vorgehen.} Rc8 20.
h3 Re8 21. Nd3 Rc6 (21... f6 22. Nc5 Qb6 23. Bf1 $16) 22. Rac1 $1 Bf8 23. Rxc6
Bxc6 24. Nc5 Bb5 (24... Bxc5 25. dxc5 e5 26. Qd2 $18) 25. Qd2 Qb6 26. Bc3 Bc6 (
26... Bxc5 $2 27. dxc5 Qxc5 28. Bb4 $18) 27. Ba5 Qa7 28. Qc1 $1 {Der
Nachziehende kann beide Drohungen /\ ( Bd2 oder Nxe6 ) nicht parieren.} e5 (
28... Bxc5 29. dxc5 Kg7 30. Bc3+ $18) 29. Bd2 exd4 30. Nd3 {Der h6-Springer
ist verlorengegangen. Weiss spielte diese Partie sehr konse- quenz. Ribli} 1-0

[Event "Donner Memorial"]
[Site "Amsterdam"]
[Date "1995.??.??"]
[Round "9"]
[White "Khalifman, Alexander"]
[Black "Seirawan, Yasser"]
[Result "1-0"]
[WhiteElo "2655"]
[BlackElo "2625"]
[Annotator "Khalifman,A"]
[PlyCount "75"]
[EventDate "1995.08.??"]
[EventType "tourn"]
[EventRounds "11"]
[EventCountry "NED"]
[EventCategory "16"]
[SourceTitle "CBM 049"]
[Source "ChessBase"]
[SourceDate "1995.12.01"]
[SourceVersion "1"]
[SourceVersionDate "1995.12.01"]
[SourceQuality "1"]

1. e4 {Blatny,P} c6 2. d4 d5 3. Nd2 dxe4 4. Nxe4 Bf5 5. Ng3 Bg6 6. h4 h6 7. Nf3
Nd7 8. h5 (8. Bd3 {Blatny,P} Bxd3 9. Qxd3 Ngf6 10. Bd2 Qc7 11. O-O-O e6 12.
Rhe1 O-O-O 13. Qb3 $5 Bd6 $10) 8... Bh7 9. Bd3 Bxd3 10. Qxd3 Qc7 (10... Ngf6 {
Blatny,P} 11. Bf4 e6 12. O-O-O Be7 13. c4 b5 $5 14. c5 O-O 15. Kb1 a5 16. Bc1 {
/\Ne2-f4+/= Ivanchuk-Seirawan/ Novi Sad(ol)/1990/}) 11. Bd2 e6 12. O-O-O (12.
Kf1 $5 {Blatny,P} O-O-O 13. b4 Ngf6 14. Re1 Bd6 15. Qa3 Kb8 16. c4 $13 {
Hector-Vladimirov/ Gausdal/1990/}) 12... Bd6 {Comparing to 12...Ngf6 13.Ne4
Bd6 this move order avoids the line 12...Ngf6 13.Qe2} (12... Ngf6 {Blatny,P}
13. Kb1 (13. Qe2 O-O-O 14. Ne5 Nxe5 15. dxe5 Nd7 16. f4 Be7 17. Be3 Qa5 (17...
Nb6 $5 18. c4 Rxd1+ 19. Rxd1 Rd8 20. Ne4 Rxd1+ 21. Kxd1 c5 $10) 18. Kb1 Nb6 19.
Ne4 Rd5 (19... Rxd1+ 20. Rxd1 Nd5 21. Bd2 Qa6 22. Qxa6 bxa6 23. c4 Nb6 24. b3
$16 {Tseshkovsky,V-Tan Lian Ann/Manila izt (04) /1976/}) 20. Bxb6 Qxb6 21. Rxd5
cxd5 22. Nf2 Kb8 23. Nd3 Rc8 24. Qg4 Bf8 25. f5 $40 {Malisauskas,V-Gebhard,D/
Bern op (03) /1992/}) (13. Ne4 O-O-O 14. g3 Nxe4 15. Qxe4 Nf6 (15... Be7 16.
Kb1 Rhe8 17. Qe2 Bd6 18. Rhe1 Re7 19. c4 c5 20. Bc3 Nf6 21. Ne5 cxd4 22. Rxd4
Bxe5 23. Rxd8+ Qxd8 24. Bxe5 Rd7 25. Bc3 Qb6 26. g4 Qd6 27. f3 a6 28. a4 Qd3+
29. Kc1 Kc7 30. Qxd3 Rxd3 31. Rf1 Kc6 32. Kc2 Rd7 33. a5 $1 $18 {_|_ Kasparov,
G-Vukic/Skara (07) EU-chT/1980/}) 16. Qe2 Bd6 17. Kb1 Rhe8 {1/2-1/2 Polgar,
S-Polgar,Zsu/Vejstrup ;CBM 15 1989}) 13... O-O-O 14. c4 Kb8 (14... c5 $5 15.
Bc3 cxd4 16. Nxd4 a6 17. Nb3 Be7 18. Ba5 b6 19. Bc3 Nc5 20. Qf3 Qb7 $10) 15.
Bc3 Ka8 16. Qe2 (16. Ne4 $5) 16... Bd6 (16... c5 17. Ne5 Nxe5 18. dxe5 $16) 17.
Ne5 Rhf8 18. f4 c5 19. b3 (19. d5 $6 exd5 20. cxd5 Nb6 $40 {><d5}) 19... a6 20.
Bb2 cxd4 21. Rxd4 Bc5 22. Rd3 Nxe5 23. Bxe5 Qc6 24. Rhd1 $14 {|^}) (12... O-O-O
{Blatny,P} 13. c4 $5 (13. Qe2 Ngf6 14. Ne5 Nxe5 15. dxe5 Nd5 16. f4 Be7 17. Ne4
Qb6 18. Rh3 $36 {Akopian,V-Magomedov,M/Minsk/1990/}) (13. Kb1 Ngf6 14. Ne4 (14.
c4 c5 15. Qc2 Bd6 16. Ne4 Nxe4 17. Qxe4 Nf6 18. Qe2 Qc6 19. Ne5 Bxe5 20. dxe5
Qe4+ $10 {Vasiukov,E-Zaitsev,A/URS-ch36 Alma Ata/1968/}) 14... Nc5 15. Nxc5 {
= Rogers,I-Miles,A/Biel/1986/}) 13... Ngf6 14. Bc3 $5 Bd6 15. Ne4 Bf4+ 16. Kc2
Ne5 17. Nxe5 Bxe5 18. Nc5 Bd6 $14 {Bronstein,D-Kotov,A/Amsterdam IBM/1968/})
13. Ne4 Ngf6 (13... Bf4 {Blatny,P} 14. Qa3 Ngf6 15. Rh4 Bxd2+ (15... Nxe4 16.
Bxf4 Qd8 17. Be5 Nef6 18. Nd2 b5 19. Qg3 Rg8 20. Bc7 Qe7 21. Bd6 $16 {Timman,
J-Ivanovic,B/Niksic/1978/}) 16. Nfxd2 c5 17. Nxf6+ Nxf6 18. Qxc5 Qxc5 19. dxc5
O-O-O 20. Nc4 {+/= Weinstein,N-Ostojic,P/Lone Pine op/1979/}) 14. Kb1 $1 (14.
Nxd6+ Qxd6 15. Qe2 (15. Rh4 $6 b5 16. Kb1 a5 17. g4 Qd5 (17... Nd5 18. Re1 $10
{Zapata-Seirawan/Wijk aan Zee/1995/}) 18. Re1 c5 $1 $36 {Zapata,A-Seirawan,Y
Wijk aan Zee op 1995}) 15... b5 16. Kb1 Qd5 17. Rh4 a5 $13 {Wolff,P-Seirawan,Y
USA ch 1992} (17... a5 {Blatny,P} 18. Ne5 b4 $132 {Wolff-Seirawan/Durango USA
ch/1992/})) (14. g3 b5 $1 (14... Nxe4 15. Qxe4 O-O-O 16. c4 Nf6 17. Qe2 c5 18.
Bc3 cxd4 19. Nxd4 Qc5 (19... a6 20. Nf3 Rd7 21. Ne5 $14 {De Firmian,N-Miles,A/
Biel/1989/}) 20. f4 Qb6 21. Nb5 Bc5 22. b4 Be3+ 23. Kc2 a6 24. Nd6+ Rxd6 25.
Rxd6 Qxd6 26. Qxe3 $14 {_|_ Barcenilla,R-Adianto,U/Beijing/1992/}) 15. Kb1 (15.
Ba5 Qxa5 16. Nxd6+ Ke7 17. Nxf7 Kxf7 18. Ne5+ Kg8 19. Qg6 Qxa2 20. Qf7+ Kh7 $10
{Sherzer,A-Seirawan,Y USA ch 1992} (20... Kh7 21. Qg6+ {1/2-1/2 Spangenberg,
H-Seirawan,Y/Buenos Aires Najdorf/1993/})) 15... a5 16. Nxf6+ Nxf6 17. Ne5 Bxe5
18. dxe5 Qxe5 19. Bc3 Qc7 $13 {Chandler,M-Seirawan,Y London 1984} (19... Qc7 {
Blatny,P} 20. Bxf6 gxf6 21. Qc3 $13 {Chandler,M-Seirawan,Y/London/1984/}))
14... Bf4 (14... Nxe4 15. Qxe4 O-O-O (15... Nf6 16. Qe2 b5 17. Ne5 Bxe5 18.
dxe5 Nd5 19. Rh4 $1 $16 {Polgar,J-Korchnoi,V Madrid 1995} (19. Rh4 $1 {Blatny,P
} O-O 20. g4 Qe7 21. g5 $1 hxg5 22. Rg4 $40 {Polgar,J-Korchnoi/Madrid/1995/}))
16. c4 c5 17. Bc3 $14 {Arnason,J-Thorsteins,K New York op 1989} (17. d5 $5)) (
14... b5 $2 15. Ba5 $1 Qxa5 $6 (15... Nb6 16. Ne5 $1 $16) 16. Nxd6+ Ke7 17. Ne5
$1 Kxd6 18. Qg3 $18 {Kuczynski,R-Dejkalo,S Poland ch 1990}) 15. Nxf6+ {N} (15.
Bb4 a5 $1 16. Ba3 (16. Bc3 $5) 16... Nxe4 17. Qxe4 Bd6 18. Bxd6 Qxd6 $10 {
Ivanchuk,V-Seirawan,Y Biel izt 1993} (18... Qxd6 $10 {Blatny,P} 19. Ne5 O-O 20.
f4 $1 Rfd8 21. g4 (21. Rd3 $5) 21... Nxe5 22. Qxe5 Qxe5 23. dxe5 f6 $1 24. Kc1
fxe5 25. fxe5 Kf7 (25... Rd5 $142 26. Rde1 $5 $15 (26. Rxd5 exd5 27. Rf1 Re8 (
27... Rf8 28. Rf5 $1) 28. Rf5 Re6 29. Kd2 (29. g5 $5 $15) 29... g6 30. hxg6
Rxg6 31. Rf4 Rg5 (31... b6 $5 {/\Rg5}) 32. e6 Re5 33. Rf6 $1 (33. Rf7 b5 $17 {
_|_}) 33... Kg7 34. Rf7+ Kg6 35. Rxb7 Rxe6 36. b4 $1 (36. Ra7 $6 Kg5 37. Rxa5
Kxg4 $36 {o^h}) 36... a4 (36... axb4 37. Rxb4 $10) 37. b5 $10) 26... Rf8 $140
27. Re2 $1 Rf4 28. Rg1 Rdd4 29. Reg2 $1 {/\g5<=>}) 26. Rdf1+ $1 Ke7 27. g5 $1
Rd5 (27... hxg5 $2 28. Rfg1 $16) 28. g6 Rf8 29. Rxf8 Kxf8 30. Rf1+ Ke8 31. Rf7
Rd7 32. Rxd7 {1/2-1/2 Ivanchuk,V-Seirawan,Y/Biel izt/1993/})) 15... Nxf6 (15...
gxf6 {Blatny,P} 16. Bc3 $14) 16. Bxf4 Qxf4 17. Qa3 Qc7 18. Ne5 Qe7 19. Qe3 (19.
Qxe7+ Kxe7 $10) (19. Rh3 Qxa3 20. Rxa3 Ke7 $1 $10 (20... O-O $14 {Blatny,P}))
19... Nd7 (19... O-O 20. g4 $1 $36) (19... O-O-O 20. c4 Nd7 21. Nf3 $14) 20.
Nd3 $1 Qg5 $6 (20... O-O 21. f4 $36) (20... O-O-O 21. d5 $5 (21. c4 Qg5 $5)
21... cxd5 22. Qxa7 $36) 21. f4 Qxg2 22. Rhg1 Qd5 (22... Qh2 23. f5 O-O-O 24.
Nf4 $1 $18 {/\Rh1}) 23. Ne5 Rg8 (23... O-O 24. Qg3 $18) (23... Kf8 24. Qa3+ Kg8
25. Qe7 $18 (25. Qe7 {Blatny,P} Nxe5 26. dxe5 {/\Rxg7!+-})) (23... Nf6 24. Rxg7
Rf8 25. f5 $1 Nxh5 26. c4 Qd6 27. Rh7 $16 (27. Nxf7 $1 {Blatny,P} Rxf7 28. Rxf7
Kxf7 29. Qxh6 Nf4 (29... Ng3 30. Qh7+ $18) (29... Qh2 30. fxe6+ Kg8 (30... Ke7
31. Qh7+ Kxe6 32. Re1+ Kf6 33. Rf1+ $18) 31. d5 $1 cxd5 32. cxd5 Rc8 33. Qg6+
Ng7 (33... Kh8 34. Rg1 $18) 34. d6 Qh7 35. Qxh7+ Kxh7 36. d7 $18) 30. fxe6+
Nxe6 31. d5 $1 cxd5 32. cxd5 Ke7 33. Qh4+ Ke8 34. Qh5+ Ke7 35. dxe6 $18 {עe7})
(27. Rh7 Nf6 $1 28. Rg7 (28. Rxh6 $2 Ng4) 28... Nh5 29. Nxf7)) 24. c4 Qd6 (
24... Qa5 25. d5) 25. d5 $1 cxd5 (25... Qc5 26. Qb3 (26. Qxc5 {Blatny,P} Nxc5
27. dxc6 bxc6 28. Nxc6 a5 $1 $13) 26... Qb6 (26... Nxe5 27. Qxb7 Rd8 28. dxe6
$18) 27. Qc3 $1 Nxe5 28. dxe6) (25... Nxe5 26. fxe5 Qe7 (26... Qd7 27. d6 $1 {
/\Qxh6+-}) 27. d6 Qh4 28. Qf3 $1 Rd8 (28... Rf8 {Blatny,P} 29. Rxg7 Rd8 30. Rg4
Qh2 (30... Qxh5 $2 31. d7+ $18) 31. Rf4 Rd7 32. Qg4 $1 c5 33. Rdf1 $1 {/\Qxe6!}
Kd8 $8 34. Qg7 Ke8 35. Qxh6 Qh3 36. R1f3 Qh1+ 37. Kc2 Qg2+ (37... Rg8 38. Rxf7
$18) 38. Kc3 $18) 29. Rg4 $1 Qxh5 30. d7+ $18) 26. Nxd7 Qxd7 (26... Kxd7 27.
cxd5 exd5 28. Qf3 Kc6 (28... Kc7 29. Rxd5) 29. Rd4 $1 $16 (29. Rd4 {Blatny,P}
b5 $8 (29... a6 30. Rc1+ Kb6 31. Rxd5 {/\Qf2#}) 30. Rc1+ Kb6 31. Rxd5 Qe6 32.
Qd3 $18)) 27. cxd5 Rd8 28. f5 e5 29. Qxe5+ Qe7 30. Qd4 $18 Kf8 31. d6 Qf6 (
31... Qd7 $142 {Blatny,P} 32. Qd5 Qc6 33. Qxc6 bxc6 34. Rg3 Rd7 (34... g6 $5
35. fxg6 fxg6 36. hxg6 Rd7 37. Kc2 {/\Kc3-c4-c5+-}) 35. Re3 $1 g6 36. f6 $18)
32. Qc5 b6 33. Qd5 Rh8 34. d7 Qh4 35. Rge1 {/\Re8+!} Kg8 36. Re8+ Kh7 37. Qxf7
Rhxe8 38. Qg6+ 1-0

[Event "Novosibirsk"]
[Site "Novosibirsk"]
[Date "1995.??.??"]
[Round "3"]
[White "Vyzmanavin, Alexey"]
[Black "Khalifman, Alexander"]
[Result "1/2-1/2"]
[WhiteElo "2605"]
[BlackElo "2655"]
[Annotator "Stohl,I"]
[PlyCount "71"]
[EventDate "1995.10.??"]
[EventType "tourn"]
[EventRounds "11"]
[EventCountry "RUS"]
[EventCategory "15"]
[SourceTitle "CBM 050"]
[Source "ChessBase"]
[SourceDate "1996.02.01"]
[SourceVersion "1"]
[SourceVersionDate "1996.02.01"]
[SourceQuality "1"]

1. d4 Nf6 2. c4 c5 3. d5 b5 4. cxb5 a6 5. b6 e6 6. Nc3 Nxd5 7. Nxd5 exd5 8.
Qxd5 Nc6 9. Nf3 Rb8 (9... Qxb6 10. Ne5 Nxe5 $5 11. Qxa8 Qc7 12. Bf4 Bd6 13.
O-O-O Nd3+ 14. Rxd3 Bxf4+ 15. e3 O-O 16. Qd5 Be5 17. Rd2 d6 18. Bc4 Be6 19. Qe4
Bd7 20. Rhd1 $14 {Van Wely,L-Garcia Ilundain,D/Las Palmas/1993/}) (9... Be7 10.
e4 O-O 11. Bc4 Bb7 12. Qd1 Qxb6 13. O-O Rad8 14. Bf4 Nd4 15. Nxd4 cxd4 16. Qe2
Rfe8 17. Bd3 Bd6 18. e5 Qa5 19. Bxh7+ Kxh7 20. Qd3+ Kg8 21. exd6 Qd5 22. f3 $14
{Pisulinski,J-Pinski,J/Polanica Zdroj op/1995/}) (9... Bb7 10. Ne5 Qe7 11. Bf4
g5 12. Nxc6 Bxc6 13. Qxg5 Qxg5 14. Bxg5 Rb8 15. h4 (15. Bd2 $5 $14) 15... Bg7
16. Rh3 Bd5 17. O-O-O Bxa2 18. b3 Rxb6 19. Re3+ Re6 20. Rd2 Rxe3 21. Bxe3 Bxb3
22. Bxc5 Bc4 23. g4 Be6 24. e3 Bxg4 25. Bxa6 Be6 26. Bb5 Rg8 27. Bd4 $10 {
1/2/Zueger,B-Manor,I/Bern zt/1990/}) 10. e4 (10. Ne5 $5 Qf6 11. Nxc6 dxc6 12.
Qe4+ Be7 13. g3 Rxb6 14. Bg2 O-O 15. O-O Be6 16. Bf4 $5 (16. Rd1 Bd5 17. Qc2
Qe6 18. b3 c4 19. bxc4 Bxc4 20. Be3 Rb4 21. Bd2 Rb7 22. Bh3 f5 23. Be3 Bd5 24.
Bg2 Bxg2 25. Kxg2 Bf6 26. Rab1 Rfb8 $10 {Lalic,B-Cramling,P/Manila olm/1992/})
16... Rb5 17. Qe3 Qd4 18. b3 Rc8 19. Rfc1 Qxe3 20. Bxe3 c4 21. Bd2 Rbb8 22.
bxc4 Ba3 23. Rc2 Bf5 24. e4 Be6 25. Bf4 Rb4 26. c5 a5 27. Re1 a4 28. Bf1 $16 {
Babula,V-Hudecek,J/TCH-ch Luhacovice/1993/}) (10. Bd2 $146 Qxb6 11. Ne5 Nxe5
12. Qxe5+ Be7 13. Bc3 f6 14. Qh5+ $13 {1/2/Dreev,A-Phominyh,A/RUS-ch Elista/
1995/}) (10. Bg5 Be7 11. Ne5 O-O 12. Nxc6 dxc6 13. Qxd8 Bxd8 14. Bxd8 Rxd8 15.
Rc1 Rxb6 16. b3 a5 17. e3 a4 18. Bc4 Ba6 19. Bxa6 Rxa6 20. O-O axb3 21. axb3
Ra5 22. Rfd1 Rxd1+ 23. Rxd1 Kf8 24. Kf1 Ke7 25. Ke2 Rb5 26. Rd3 Rb4 $10 {
Karner,C-Maurer,C/Balatonbereny op/1995/}) (10. g3 $6 Be7 11. Bg2 O-O 12. O-O
Rxb6 13. Rd1 Nb4 14. Qb3 d5 15. a3 Nc6 16. Qa4 Be6 17. b4 d4 18. Bb2 a5 19. e3
axb4 20. exd4 bxa3 $1 21. dxc5 axb2 22. Rxd8 Rxd8 23. cxb6 Bb3 $3 24. Rb1 Bxa4
25. Rxb2 Rd1+ 26. Bf1 Bf6 $19 {Piket,J-Berg,K/Leeuwarden op/1993/}) 10... Be7
11. Bc4 O-O 12. O-O Rxb6 13. Qh5 d6 14. Rd1 (14. b3 Be6 15. Bxe6 (15. Ng5 Bxg5
16. Bxg5 Qd7 17. Bd3 f5 18. exf5 Bxf5 19. Rad1 Ne5 20. Bxf5 Qxf5 21. f4 Ng4 22.
Qh3 c4 23. Kh1 cxb3 24. axb3 Re8 $15 {Ryskin,A-Sermek,D/Ljubljana op/1994/})
15... fxe6 16. Rd1 Qe8 17. Qxe8 Rxe8 18. Be3 Rb4 (18... a5 $5 $132) 19. Nd2 Bf6
20. Rac1 Nd4 21. Kf1 Rc8 22. Nc4 d5 23. exd5 exd5 24. Nd6 Rd8 25. Bxd4 Bxd4 26.
Nf5 Bxf2 $2 27. Ne7+ Kf8 28. Nc6 {1-0/Dzevlan,M-Von Bahr,O/Stockholm Rilton
Cup/1995/}) (14. Ng5 Bxg5 15. Bxg5 Qe8 16. Rad1 Be6 17. Bxe6 Qxe6 18. b3 Nd4
19. Rfe1 a5 20. Be3 Nc2 21. Re2 Nxe3 22. Rxe3 a4 23. h3 axb3 24. axb3 Rxb3 25.
Rxb3 Qxb3 26. Rxd6 $10 {Semkov,S-Tzermiadianos,A/Heraklio op/1993/}) 14... Be6
15. Bxe6 (15. Bd5 Qc8 {[%cal Ye6d5,Yc8e6] /\Bd5,Qe6=} 16. h3 Bf6 17. Ng5 h6 18.
Nf3 Ne7 19. Bxe6 Qxe6 20. Qg4 Ng6 21. Qxe6 fxe6 22. Rb1 Kf7 23. b3 Ke7 24. Bd2
Ra8 25. Ba5 Rb7 26. Rbc1 Rf8 $10 {Barus,C-Hodgson,J/Moscow olm/1994/}) 15...
fxe6 16. Qg4 (16. Ng5 Bxg5 17. Bxg5 Qd7 18. b3 Nd4 $15) 16... Qc8 17. Bd2 e5 $1
$13 (17... Bf6 18. Bc3 Nd4 $5 (18... Bxc3 $6 19. bxc3 $36 {[%csl Rd6,Re6] ><d6,
e6}) 19. Bxd4 cxd4 20. Rac1 Qe8 (20... Qd7 21. Rc2 Rc8 22. Rcd2 $16) 21. b3 $14
{[%cal Gc1c8] <->c}) 18. Qxc8 Rxc8 19. Bc3 Nd4 20. Nd2 $5 $146 (20. Bxd4 exd4
$1 (20... cxd4 21. Rd2 {[%cal Yf3e1,Ye1d3] /\Ne1-d3+/=}) 21. b3 a5 22. Rac1 Ra8
23. e5 d5 24. Ne1 a4 25. Nd3 axb3 26. axb3 Ra5 27. Nf4 Rxb3 28. Nxd5 $132 {
Knaak,R-Hertneck,G/Baden Baden/1992/}) 20... c4 $1 $8 21. Rab1 (21. Kf1 Bg5 22.
Rac1 Nb5 $132) 21... Kf7 22. g3 Ne2+ (22... Bg5 23. Kg2 $14 {[%cal Yf2f4,Yd2f3]
/\f4,Nf3}) 23. Kf1 Nxc3 24. bxc3 Bd8 $1 {[%csl Gd8,Rd6] Black's pawn structure
is slightly compromised, (><d6) but his B is sufficiently active to hold the
balance, White will not manage to get his N to d5. Due to the weakness of the
c3P White can't utilize b-file.} 25. Ke2 (25. Rxb6 Bxb6 26. Rb1 Ba5 27. Rb7+
Kf6 28. Nb1 Rc5 {[%cal Yc5b5,Yd6d5] /\Rb5,d5<=>}) 25... Ke6 26. Nf1 (26. Rb4 $2
Rxb4 27. cxb4 c3 28. Nb3 Rc4 $17) (26. f4 $6 exf4 27. gxf4 Rxb1 28. Rxb1 d5 29.
e5 g5 $15) 26... Rcb8 27. Rxb6 Rxb6 28. Ne3 Rb2+ 29. Rd2 $8 (29. Ke1 $6 Rxa2
30. Nxc4 Bc7 $15) 29... Rxd2+ 30. Kxd2 Bg5 $1 $10 31. h4 (31. Kc2 Bxe3 32. fxe3
Kd7 33. Kb2 Kc6 34. Ka3 a5 $10) 31... Bxe3+ 32. Kxe3 {The pawn endgame is
drawn, as Black's position is invincible.} h5 33. f4 g6 (33... exf4+ $2 34.
gxf4 d5 35. e5 {/\Kd4+-}) 34. Kf3 a5 35. a4 (35. Ke3 a4 {/\a3=}) (35. g4 Kf7 $1
36. gxh5 gxh5 $10) 35... Kf7 36. Ke3 (36. g4 Ke7 37. g5 Kf7 38. f5 Kg7 $10)
1/2-1/2

[Event "Novosibirsk"]
[Site "Novosibirsk"]
[Date "1995.??.??"]
[Round "8"]
[White "Beliavsky, Alexander G"]
[Black "Khalifman, Alexander"]
[Result "1/2-1/2"]
[WhiteElo "2650"]
[BlackElo "2655"]
[Annotator "Stohl,I"]
[PlyCount "114"]
[EventDate "1995.10.??"]
[EventType "tourn"]
[EventRounds "11"]
[EventCountry "RUS"]
[EventCategory "15"]
[SourceTitle "CBM 050"]
[Source "ChessBase"]
[SourceDate "1996.02.01"]
[SourceVersion "1"]
[SourceVersionDate "1996.02.01"]
[SourceQuality "1"]

1. d4 Nf6 2. c4 c5 3. d5 b5 4. cxb5 a6 5. bxa6 g6 6. Nc3 Bxa6 7. e4 Bxf1 8.
Kxf1 d6 9. Nf3 Nbd7 10. g3 Bg7 11. Kg2 O-O 12. Re1 (12. h3 Nb6 13. Re1 Qd7 14.
Qc2 Qb7 15. Rb1 Nfd7 16. Bf4 Nc4 17. Qe2 Qb4 18. Rec1 Rfb8 19. Nd1 Nde5 20.
Bxe5 Nxe5 21. Nxe5 Bxe5 22. a3 Qb5 23. Qf3 Bd4 24. b4 Qa4 25. Rb3 cxb4 26. Rcb1
Bc5 27. Nc3 Qxa3 $1 28. Rxa3 Rxa3 $36 {Goldin,A-Phominyh,A/RUS-ch Elista/1995/}
) 12... Ra6 (12... Ng4 13. Nd2 Nge5 14. Qe2 Nb6 15. f4 Ned7 16. a4 Qc8 17. a5
Qa6 18. Ra3 Qxe2+ 19. Rxe2 Rfb8 20. e5 Nc8 21. exd6 exd6 22. Re8+ Bf8 23. Nc4
$14 {Iskusnyh,S-Sagalchik,G/Kemerovo1/1995/}) 13. h3 Qa8 14. Bg5 (14. Re2 Rb8 (
14... e6 $5 15. Bg5 exd5 16. Nxd5 Nxd5 17. Qxd5 Qxd5 18. exd5 Nb6 19. Kf1 Rfa8
20. Rd1 Rxa2 21. Bf4 Bf8 22. Ng5 Ra1 23. Ree1 Rxd1 24. Rxd1 f5 $15 {Gyimesi,
Z-Koch,JR/Paris op/1995/}) (14... Qb7 15. Bg5 h6 16. Bf4 g5 $6 17. Be3 e6 18.
Qd3 Rb6 19. Rb1 exd5 20. exd5 Ne8 21. Bd2 Ndf6 22. b3 Nc7 23. Rd1 Ncxd5 24.
Nxd5 Nxd5 25. Ba5 Nb4 26. Bxb4 cxb4 27. Kh2 $14 {[%csl Rf5,Rg6,Rh5,Rh7] ><f5>>,
/Goldin,A-Beliavsky,A/Novosibirsk/1995/}) 15. Qe1 e6 16. dxe6 fxe6 17. Ng5 Re8
18. f4 c4 19. Be3 e5 20. Rd1 h6 21. Nf3 exf4 22. gxf4 Nxe4 23. Nd5 Qb7 24. Bd4
Qxd5 25. Bxg7 Qf5 26. Bxh6 Rxa2 $17 {Comas Fabrego,L-Topalov,V/Pamplona 9495/
1995/}) (14. Qc2 e6 15. dxe6 fxe6 16. Nb5 Qb7 17. a4 d5 18. exd5 Nxd5 19. Ra3
c4 20. Qxc4 Rc6 21. Qe4 Kh8 22. Kg1 Nc5 23. Qe2 e5 24. b4 Nxb4 25. Nxe5 Re6 26.
Bb2 Rfe8 27. Nd6 Qe7 28. Nxe8 Qxe8 29. Re3 Kg8 30. Bd4 {1-0/Sadler,M-Sorin,A/
Buenos Aires Najdorf/1995/}) 14... h6 $1 (14... e6 15. Qd2 $5 exd5 16. exd5 Rb8
17. Rad1 Qb7 18. b3 Qb4 19. Qd3 Rba8 20. Nb5 Rxa2 21. Bd2 Rxd2 22. Rxd2 Bf8 23.
Qc4 $16 {Ricardi,P-Giardelli,S/Buenos Aires Najdorf/1995/}) 15. Bd2 e6 16. dxe6
fxe6 17. a4 $5 $146 (17. Qc2 d5 18. a4 g5 19. Ra3 Rb6 20. Bc1 Rf7 21. Nd2 Rb4
22. Rb3 Rxb3 23. Qxb3 c4 24. Nxc4 dxc4 25. Qxc4 Ne5 26. Qxe6 Nd3 27. Rf1 Nc5
28. Qc4 Ncxe4 29. Nxe4 Nxe4 $15 {Ljubojevic,L-Topalov,V/Linares/1995/}) 17...
d5 18. exd5 exd5 19. Nb5 Qb7 (19... d4 $2 20. Nc7 $16) 20. Bf4 g5 (20... Ne4 $2
21. Nc7 $1 Rxf4 22. gxf4 (22. Nxa6 $2 Rf7 $13) 22... Qxc7 23. Qxd5+ $18) (20...
d4 21. Nc7 Rb6 22. a5 $1 Rxb2 23. a6 Qa7 24. Ne6 $16) 21. Bd6 {The Bishop will
be exposed on this outpost, but will reamain invincible and it will also help
creating tactical possibilities.} Rf7 {[%cal Rf6e4] /\Ne4|^} 22. Nd2 $1 d4+ (
22... c4 $6 23. Kg1 $16 {[%csl Rd5][%cal Yd6b4,Yb4c3] /\Bb4-c3,><d5}) 23. Qf3
$8 (23. Kg1 $6 Qd5 $36) 23... Qxf3+ 24. Nxf3 Nd5 25. Nd2 (25. b3 Nc3 $44) (25.
Ne5 Bxe5 26. Bxe5 Nb4 $132 (26... Re7 27. Nc7 Nxc7 28. Bxc7 Rxe1 29. Rxe1 Rxa4
30. Re7 $36)) 25... d3 26. Ra3 $1 $14 (26. Nc4 N5b6 27. Nxb6 Nxb6 28. Bxc5 Bxb2
$10) 26... Bxb2 27. Rxd3 N5b6 (27... Nb4 $142 $5 28. Rb3 Bg7 29. Ne4 (29. Bxc5
Nxc5 30. Rxb4 Nd3 $19) 29... Rxa4 30. Nxc5 Nxc5 31. Bxc5 $14) 28. Bc7 Rxa4 (
28... c4 29. Rd6 $1 c3 30. Nc4 Nxc4 31. Rxa6 c2 32. Rc6 c1=Q 33. Rxc1 Bxc1 34.
Rxc4 $18) 29. Bxb6 Nxb6 30. Re6 Rd7 $1 (30... Nd7 31. Nd6 $40) 31. Rdd6 $1 (31.
Rxd7 Nxd7 32. Rxh6 Bf6 (32... c4 33. Rc6 $16) 33. Nd6 $5 $14) 31... Bg7 32. Ne4
(32. Rxb6 Rxd2 33. Rb8+ Kh7 {[%cal Ra4a2] /\Raa2=}) 32... Rxd6 33. Nbxd6 c4 34.
Nf5 Nd5 35. Re8+ (35. Nxh6+ Bxh6 36. Rxh6 c3 37. Nxc3 (37. Nxg5 $2 Rc4) 37...
Nxc3 38. Rg6+ Kf7 39. Rxg5 Ra2 $10) (35. Rg6 $142 Ra7 36. Nxh6+ $16) 35... Kh7
36. Rd8 Nf6 $8 37. Nc3 (37. Nxf6+ Bxf6 38. Rd7+ Kg6 $10) 37... Ra3 38. Nb5 Rd3
39. Rc8 Rd5 40. Nbd6 Ne4 $1 41. Nxe4 Rxf5 42. Rxc4 $14 {The endgame gives
White some slight winning chances, as all the pawns are on one flank and the
long range of Black's Bg7 doesn't play a role. On the other hand the number of
pawns is too small (3-2) and by carefull defence Black should be able to draw.
White makes it rather easy for his opponent.} Re5 43. g4 Re6 44. h4 $6 (44. Ng3
$5 {[%cal Yg3f5,Yc4c7] /\Nf5,Rc7}) 44... gxh4 45. Kh3 Be5 (45... Bf6 $2 46.
Nxf6+ Rxf6 47. f4 $16) 46. Kxh4 Kg6 47. f3 (47. Nd2 Bf6+ 48. Kg3 h5 $10) 47...
Rb6 48. Rc5 (48. Nf2 Bf6+ {[%cal Rh6h5] /\h5=} (48... Rb2 49. Nh3 Bf6+ 50. Kg3
$14)) 48... Bf4 49. Rf5 Bc7 50. Rc5 (50. f4 Rb4 $10) 50... Bf4 51. Rf5 Bc7 52.
Nf2 Bd8+ 53. Kg3 Bc7+ 54. Kh4 (54. f4 Rb3+ 55. Kg2 Rb2 $10) 54... Bd8+ 55. Kh3
Rb3 56. Kg2 (56. Ne4 h5 $1 $10) 56... Rb2 57. Kf1 Rb1+ (57... Rb1+ 58. Ke2 Rb2+
59. Kf1 Rb1+ 60. Kg2 Rb2 61. Kg3 Bc7+ 62. f4 Rb3+ 63. Kg2 Rb2 $10) 1/2-1/2